[Event "Vall del Tenes"]
[Site "Santa Eulalia de Roncana"]
[Date "2019.04.26"]
[Round "1.2"]
[White "Serrat Rifa, Ernest"]
[Black "Soler Colomer, Valenti"]
[Result "1-0"]
[WhiteElo "2124"]
[BlackElo "2049"]
[PlyCount "99"]
[EventDate "2019.04.26"]
[EventType "tourn"]
[EventRounds "9"]
[EventCountry "ESP"]
[SourceTitle "EXT 2024"]
[Source "ChessBase"]
[SourceDate "2023.10.10"]
[SourceVersion "1"]
[SourceVersionDate "2023.10.10"]
[SourceQuality "1"]

1. e4 e6 2. d4 d5 3. exd5 exd5 4. Nf3 Bg4 5. h3 Bh5 6. Bb5+ c6 7. Bd3 Bd6 8. 0-0 Ne7 9. Re1 Nd7 10. Bg5 f6 11. Bh4 Qc7 12. g4 Bg6 13. Kg2 0-0-0 14. c3 Rde8 15. a4 Bxd3 16. Qxd3 g5 17. Bg3 Nf8 18. Nbd2 Nfg6 19. Re6 Nf4+ 20. Bxf4 Bxf4 21. Rae1 h5 22. Rxf6 hxg4 23. hxg4 Qd7 24. Rfe6 Ref8 25. Nb3 Bd6 26. Nc5 Bxc5 27. dxc5 Rf4 28. Kg3 Rh6 29. Nxg5 Rxe6 30. Nxe6 Rf6 31. Qe3 Rg6 32. Qe5 Ng8 33. f3 Nf6 34. Qf5 Nh5+ 35. Kf2 Rf6 36. Qxh5 Rxe6 37. Qh8+ Kc7 38. Rxe6 Qxe6 39. Qg7+ Kc8 40. Qf8+ Kc7 41. Qd6+ Qxd6 42. cxd6+ Kxd6 43. f4 b6 44. Kf3 c5 45. g5 Ke6 46. Kg4 a6 47. f5+ Ke5 48. f6 Ke6 49. Kf4 b5 50. a5 1-0

[Event "Catalunya-chT Gp2"]
[Site "Barcelona"]
[Date "2019.02.16"]
[Round "5.8"]
[White "Castellet Giralt, Gabriel"]
[Black "Serrat Rifa, Ernest"]
[Result "1-0"]
[WhiteElo "2217"]
[BlackElo "2124"]
[PlyCount "133"]
[EventDate "2019.01.19"]
[EventType "team-tourn"]
[EventRounds "7"]
[EventCountry "ESP"]
[SourceTitle "CBM 189 Extra"]
[Source "ChessBase"]
[SourceDate "2019.06.03"]
[SourceVersion "1"]
[SourceVersionDate "2019.06.03"]
[SourceQuality "1"]
[WhiteTeam "Cerdanyola Valles"]
[BlackTeam "Olot"]
[WhiteTeamCountry "ESP"]
[BlackTeamCountry "ESP"]

1. d4 Nf6 2. c4 e6 3. Nc3 Bb4 4. e3 b6 5. Nge2 Bb7 6. a3 Be7 7. Nf4 d6 8. d5 e5 9. Nh5 Nxh5 10. Qxh5 g6 11. Qf3 Nd7 12. e4 a5 13. Bd3 Bg5 14. Bc2 Nc5 15. Na4 0-0 16. h4 Bxc1 17. Rxc1 h6 18. Qg3 Kh7 19. 0-0 Qd7 20. Nxc5 bxc5 21. f4 f6 22. Rf2 Rf7 23. Rcf1 Raf8 24. Bd1 Bc8 25. Qc3 exf4 26. Rxf4 Qe7 27. Qxa5 f5 28. exf5 Qe3+ 29. Kh1 Bxf5 30. Qe1 Re7 31. Qxe3 Rxe3 32. h5 Rb8 33. hxg6+ Bxg6 34. R4f2 Kg7 35. Ba4 Bd3 36. Rc1 Re2 37. Rxe2 Bxe2 38. Bb5 Bg4 39. a4 Ra8 40. Ra1 Ra5 41. Bc6 Be2 42. Bb5 Bg4 43. Re1 Kf6 44. Kh2 Kg5 45. Kg3 h5 46. Kf2 Ra7 47. Bc6 h4 48. Re3 Bd1 49. Ra3 Ra5 50. Ke3 Kf5 51. Kd2 Bh5 52. Bd7+ Kf4 53. Rh3 Kg5 54. g3 hxg3 55. Rxg3+ Kf4 56. Ra3 Bf3 57. Kc3 Be2 58. b4 cxb4+ 59. Kxb4 Ra7 60. Bc6 Ke4 61. Rh3 Kd4 62. Rh4+ Ke5 63. a5 Bf1 64. Bb5 Be2 65. a6 Bf1 66. Rh8 Kd4 67. Rb8 1-0

[Event "Catalunya-chT GpB final"]
[Site "Barcelona"]
[Date "2018.03.10"]
[Round "1.6"]
[White "Ballesteros Collazos, Sergio"]
[Black "Serrat Rifa, Ernest"]
[Result "1/2-1/2"]
[WhiteElo "2200"]
[BlackElo "2154"]
[PlyCount "93"]
[EventDate "2018.03.10"]
[EventType "team-tourn"]
[EventRounds "4"]
[EventCountry "ESP"]
[SourceTitle "CBM 183 Extra"]
[Source "ChessBase"]
[SourceDate "2018.04.19"]
[SourceVersion "1"]
[SourceVersionDate "2018.04.19"]
[SourceQuality "1"]
[WhiteTeam "Catalunya"]
[BlackTeam "Olot"]
[WhiteTeamCountry "ESP"]
[BlackTeamCountry "ESP"]

1. c4 c5 2. Nc3 Nc6 3. g3 g6 4. Bg2 Bg7 5. a3 e6 6. Rb1 a5 7. Nf3 d5 8. cxd5 exd5 9. d3 Nge7 10. 0-0 0-0 11. Bf4 Bf5 12. Rc1 h6 13. h4 Kh7 14. Qb3 b6 15. Nb5 a4 16. Qc2 Qd7 17. Nc3 Nd4 18. Nxd4 Bxd4 19. e4 Bh3 20. Rfe1 Bxg2 21. Kxg2 b5 22. Ne2 Bg7 23. Qxc5 Bxb2 24. Rb1 Rfc8 25. Qd6 Qxd6 26. Bxd6 Bf6 27. Rxb5 dxe4 28. dxe4 Ra7 29. Reb1 Rc2 30. Kf3 Nc6 31. Rb7 Rxb7 32. Rxb7 Kg7 33. Rc7 Bd8 34. Rd7 Kf6 35. Bf4 Kg7 36. Bd6 Kf6 37. Bf4 Kg7 38. Ke3 Bb6+ 39. Kd3 Ra2 40. Rd6 Rxa3+ 41. Kc4 Na5+ 42. Kb5 Bc7 43. Rd4 Bxf4 44. Nxf4 Nb7 45. Rxa4 Nd6+ 46. Kb4 Rxa4+ 47. Kxa4 1/2-1/2

[Event "Catalunya-chT Gp1"]
[Site "Barcelona"]
[Date "2018.02.24"]
[Round "6.8"]
[White "Codina Garcia, Jose"]
[Black "Serrat Rifa, Ernest"]
[Result "0-1"]
[WhiteElo "2077"]
[BlackElo "2154"]
[PlyCount "104"]
[EventDate "2018.01.20"]
[EventType "team-tourn"]
[EventRounds "7"]
[EventCountry "ESP"]
[SourceTitle "EXT 2019"]
[Source "ChessBase"]
[SourceDate "2018.10.10"]
[SourceVersion "1"]
[SourceVersionDate "2018.10.10"]
[SourceQuality "1"]
[WhiteTeam "Lleida"]
[BlackTeam "Olot"]
[WhiteTeamCountry "ESP"]
[BlackTeamCountry "ESP"]

1. d4 d5 2. Nf3 Nf6 3. c4 c6 4. Nc3 e6 5. e3 Nbd7 6. Bd3 dxc4 7. Bxc4 b5 8. Bd3 a6 9. 0-0 c5 10. Qe2 Qb6 11. dxc5 Bxc5 12. b3 0-0 13. Bb2 Bb7 14. Rad1 Rac8 15. Nb1 Be7 16. Nbd2 Nc5 17. Bb1 a5 18. Ne5 Rfd8 19. Ndf3 Nfe4 20. Rxd8+ Rxd8 21. Rd1 f6 22. Nd3 b4 23. Nxc5 Bxc5 24. Rxd8+ Qxd8 25. Qd3 Qxd3 26. Bxd3 Kf7 27. Kf1 g5 28. Ke2 h5 29. Ne1 Nc3+ 30. Bxc3 bxc3 31. f3 Bd6 32. h3 f5 33. Bc4 Kf6 34. Kd3 e5 35. e4 g4 36. hxg4 fxg4 37. fxg4 hxg4 38. Nc2 Bc5 39. Bd5 Ba6+ 40. Kxc3 Bf1 41. Kd2 Bxg2 42. Ne3 Bf3 43. Nf1 Kg5 44. Ng3 Kh4 45. Nf5+ Kh3 46. Kc3 g3 47. Nxg3 Kxg3 48. Kd3 Kf2 49. Bc6 Be2+ 50. Kc3 Ke3 51. Bd5 Bd3 52. b4 Bxb4+ 0-1

[Event "Catalunya-chT Gp1"]
[Site "Barcelona"]
[Date "2018.02.17"]
[Round "5.6"]
[White "Serrat Rifa, Ernest"]
[Black "Banos, Oscar Francisco"]
[Result "1/2-1/2"]
[WhiteElo "2154"]
[BlackElo "2210"]
[PlyCount "94"]
[EventDate "2018.01.20"]
[EventType "team-tourn"]
[EventRounds "7"]
[EventCountry "ESP"]
[SourceTitle "EXT 2019"]
[Source "ChessBase"]
[SourceDate "2018.10.10"]
[SourceVersion "1"]
[SourceVersionDate "2018.10.10"]
[SourceQuality "1"]
[WhiteTeam "Olot"]
[BlackTeam "Figueres"]
[WhiteTeamCountry "ESP"]
[BlackTeamCountry "ESP"]

1. e4 e6 2. d4 d5 3. exd5 exd5 4. Nf3 Nf6 5. Bd3 Bg4 6. h3 Bh5 7. 0-0 Be7 8. Re1 0-0 9. Nbd2 c5 10. dxc5 Bxc5 11. Nb3 Bb6 12. Bf4 Nc6 13. c3 Qd7 14. Be2 Rfe8 15. Nfd4 Bg6 16. a4 a6 17. a5 Ba7 18. Nxc6 bxc6 19. Bxa6 Rxe1+ 20. Qxe1 Ne4 21. Be3 Bxe3 22. Qxe3 Rxa6 23. f3 Nd6 24. Nc5 Qa7 25. b4 h5 26. Re1 Nf5 27. Qe8+ Kh7 28. g4 Nh4 29. Qe3 Qc7 30. Qf2 Nxf3+ 31. Qxf3 Ra8 32. gxh5 Bc2 33. Qf2 Be4 34. Nxe4 dxe4 35. Rxe4 Rd8 36. Qf5+ Kg8 37. Qe5 Rd6 38. c4 c5 39. bxc5 Rd1+ 40. Kf2 Qxa5 41. Qe8+ Kh7 42. Qxf7 Qd2+ 43. Re2 Qd4+ 44. Re3 Qh4+ 45. Rg3 Qd4+ 46. Re3 Qh4+ 47. Rg3 Qd4+ 1/2-1/2

[Event "Moia MC 4th"]
[Site "Moia"]
[Date "2015.10.30"]
[Round "7"]
[White "Serrat Rifa, Ernest"]
[Black "Companyo Pagerols, Josep Maria"]
[Result "0-1"]
[WhiteElo "2081"]
[BlackElo "2083"]
[PlyCount "106"]
[EventDate "2015.09.18"]
[EventType "tourn"]
[EventRounds "9"]
[EventCountry "ESP"]
[SourceTitle "EXT 2017"]
[Source "ChessBase"]
[SourceDate "2016.10.25"]
[SourceVersion "1"]
[SourceVersionDate "2016.10.25"]
[SourceQuality "1"]

1. d4 e6 2. c4 f5 3. Nf3 Nf6 4. a3 Be7 5. Nc3 0-0 6. Bg5 Ne4 7. Bxe7 Qxe7 8. Qc2 Nxc3 9. Qxc3 d6 10. 0-0-0 Nd7 11. e3 e5 12. h4 c6 13. g3 b5 14. Kb1 Bb7 15. Bg2 Kh8 16. Ng5 e4 17. Bf1 bxc4 18. Bxc4 Nb6 19. Bb3 a5 20. a4 d5 21. Rc1 h6 22. Qc5 Qxc5 23. dxc5 hxg5 24. hxg5+ Kg8 25. cxb6 Ra6 26. Bd1 Kf7 27. Bh5+ g6 28. Be2 Rxb6 29. Rh7+ Ke6 30. Rg7 Rh8 31. Rxg6+ Ke5 32. Rh6 Rg8 33. Bb5 Rxg5 34. Rc5 Rg8 35. Bxc6 Rd8 36. Bxb7 Rxh6 37. Rxa5 Rb6 38. Rb5 Rxb5 39. axb5 Kd6 40. b4 Rb8 41. Bc6 Rh8 42. Kc2 Rh2 43. Be8 Rxf2+ 44. Kd1 Rb2 45. Bg6 Ke5 46. Be8 Rxb4 47. Kc2 Rc4+ 48. Kb3 Rc8 49. Bd7 Rc7 50. Be8 Re7 51. Bc6 Rg7 52. Kb4 Kd6 53. Be8 Rxg3 0-1

[Event "Moia MC 4th"]
[Site "Moia"]
[Date "2015.10.23"]
[Round "6"]
[White "Diaz Munoz, Sergi"]
[Black "Serrat Rifa, Ernest"]
[Result "1/2-1/2"]
[WhiteElo "2014"]
[BlackElo "2081"]
[PlyCount "93"]
[EventDate "2015.09.18"]
[EventType "tourn"]
[EventRounds "9"]
[EventCountry "ESP"]
[SourceTitle "EXT 2017"]
[Source "ChessBase"]
[SourceDate "2016.10.25"]
[SourceVersion "1"]
[SourceVersionDate "2016.10.25"]
[SourceQuality "1"]

1. e4 c5 2. Nf3 d6 3. d4 cxd4 4. Nxd4 g6 5. Nc3 Nf6 6. Be3 Bg7 7. Bc4 0-0 8. f3 Nc6 9. Bb3 Na5 10. Qd2 Nxb3 11. axb3 d5 12. e5 Nd7 13. e6 Ne5 14. exf7+ Rxf7 15. 0-0 e6 16. Kh1 Nc6 17. f4 Qf6 18. Nxc6 bxc6 19. Ne2 Qe7 20. Nd4 c5 21. Nc6 Qc7 22. Ne5 Rf5 23. c3 Bb7 24. b4 Bxe5 25. fxe5 Qxe5 26. Rxf5 Qxf5 27. Bxc5 e5 28. Kg1 a6 29. Rf1 Qd7 30. Qh6 Qg7 31. Qh4 Re8 32. Be3 Rf8 33. Rxf8+ Qxf8 34. Bh6 Qd6 35. Qf2 d4 36. cxd4 Qxd4 37. Qxd4 exd4 38. Kf2 Kf7 39. Ke2 Be4 40. g3 Ke6 41. Bg5 Kd5 42. b3 Bf5 43. h4 Ke4 44. Bf4 Be6 45. Bh6 Bxb3 46. Bf4 Kd5 47. Bg5 1/2-1/2

[Event "Santa Eugenia op 9th"]
[Site "Santa Eugenia"]
[Date "2014.05.23"]
[Round "5"]
[White "Serrat Rifa, Ernest"]
[Black "Mundet Riera, Jaume"]
[Result "1-0"]
[WhiteElo "2225"]
[BlackElo "2271"]
[PlyCount "73"]
[EventDate "2014.04.25"]
[EventType "swiss"]
[EventRounds "9"]
[EventCountry "ESP"]
[SourceTitle "EXT 2015"]
[Source "ChessBase"]
[SourceDate "2014.11.20"]
[SourceVersion "1"]
[SourceVersionDate "2014.11.20"]
[SourceQuality "1"]

1. e4 e5 2. Nf3 Nc6 3. Bb5 a6 4. Ba4 Nf6 5. 0-0 Be7 6. c3 0-0 7. Re1 b5 8. Bc2 d6 9. h3 Bb7 10. d4 exd4 11. Nxd4 Nxd4 12. cxd4 c5 13. d5 Re8 14. f4 Bf8 15. Nd2 g6 16. Nf3 Qc7 17. b3 Bg7 18. Bb2 Rad8 19. Qd2 a5 20. Rad1 b4 21. Bxf6 Bxf6 22. e5 Bg7 23. Qd3 Qb6 24. Qc4 Re7 25. e6 fxe6 26. Rxe6 Rxe6 27. dxe6 d5 28. Qe2 Ba6 29. Qe3 d4 30. Qe4 Bb7 31. Qe2 Bxf3 32. gxf3 d3 33. Bxd3 c4+ 34. Kg2 cxd3 35. Rxd3 Rxd3 36. e7 Re3 37. Qc4+ 1-0